| 000 | 01128nam a22003977a 4500 | ||
|---|---|---|---|
| 008 | 250117b |||||||| |||| 00| 0 eng d | ||
| 020 | _a9789937850490 | ||
| 082 |
_223rd _a337.1954/So244 |
||
| 245 |
_aSouth Asian cooperation issues old and new / _cAneel Salman...[et.al]. |
||
| 260 |
_aKathmandu: _bSouth Asia Watch on Trade, _c2018. |
||
| 300 | _a277p. | ||
| 650 | _aCooperation | ||
| 650 | _aInternational economic | ||
| 650 | _aSouth Asia | ||
| 700 | _aSalman, Aneel | ||
| 700 | _aJaved, Asif | ||
| 700 | _aGupta, Avinash | ||
| 700 | _aShatskova, Daria | ||
| 700 | _aBhattcharya, Debapriya | ||
| 700 | _aNayyar, Deepak | ||
| 700 | _aGyawali, Dipak | ||
| 700 | _aTilakaratna, Ganga | ||
| 700 | _aMukherji, Indra Nath | ||
| 700 | _aRama, Martin | ||
| 700 | _aHusnain, Muhammad Iftikhar ul | ||
| 700 | _aKharel, Paras | ||
| 700 | _aDe, Prabir | ||
| 700 | _aAdhikari, Ratnakar | ||
| 700 | _aSobhan, Rehman | ||
| 700 | _aBeyer, Robert | ||
| 700 | _aRajan, S Irudaya | ||
| 700 | _aAneel, Sarah Siddiq | ||
| 700 | _aAhmed, Syed Shujaat | ||
| 700 | _aAhmed, Vaqar | ||
| 942 |
_2ddc _cISBN |
||
| 999 |
_c119424 _d119412 |
||